Foro Mundial de Teología y Liberación /
Đã lưu trong:
| Tác giả chính: | |
|---|---|
| Định dạng: | Texto |
| Những chủ đề: | |
| Các nhãn: |
Thêm thẻ
Không có thẻ, Là người đầu tiên thẻ bản ghi này!
|
MARC
| LEADER | 00000 a a2200000 04500 | ||
|---|---|---|---|
| 001 | 11816 | ||
| 003 | |||
| 040 | |||
| 100 | |a Tamayo, Juan José | ||
| 245 | |a Foro Mundial de Teología y Liberación / |c Juan José Tamayo | ||
| 650 | |a TEOLOGIA | ||
| 650 | |a EVALUACION | ||
| 773 | |g número 118; páginas 32-39 | ||
| 999 | |c 25024 |d 25024 | ||
| 773 | 0 | |0 41641 |9 2416 |a Departamento Ecuménico de Investigaciones (DEI) |d San José, Costa Rica Departamento Ecuménico de Investigaciones (DEI) |o 20213 |t Pasos / | |
